Every AFL teams best players 2026 - Statistics

General Stats
  • This quiz has been taken 109 times
    102 since last reset
  • The average score is 47 of 90
Answer Stats
Team Player % Correct
Adelaide Jordan Dawson
95%
Adelaide Riley Thilthorpe
88%
Adelaide Izak Rankine
87%
Brisbane Lachie Neale
87%
Collingwood Josh Daicos
85%
Collingwood Nick Daicos
85%
Geelong Jeremy Cameron
81%
Carlton Patrick Cripps
81%
West Coast Jamie Cripps
80%
Brisbane Harris Andrews
77%
Geelong Bailey Smith
76%
Essendon Zach Merrett
75%
Fremantle Caleb Serong
73%
Hawthorn Dylan Moore
73%
Carlton Sam Walsh
73%
Fremantle Andrew Brayshaw
72%
Brisbane Hugh McCluggage
71%
Melbourne Max Gawn
71%
Gold Coast Noah Anderson
69%
GWS Tom Green
69%
Brisbane Will Ashcroft
68%
Port Adelaide Zak Butters
68%
Carlton Harry McKay
67%
Western Bulldogs Marcus Bontempelli
67%
Gold Coast Matt Rowell
67%
Hawthorn Jai Newcombe
65%
North Melbourne Harry Sheezel
64%
Carlton Jacob Weitering
64%
Fremantle Luke Jackson
64%
Geelong Max Holmes
64%
Gold Coast Christian Petracca
63%
Port Adelaide Connor Rozee
61%
Sydney Isaac Heeney
61%
Sydney Chad Warner
59%
Melbourne Jack Steele
59%
Geelong Patrick Dangerfield
59%
Gold Coast Ben King
57%
GWS Jesse Hogan
57%
St Kilda Nasiah Wanganeen-Milera
57%
Sydney Errol Gulden
56%
Adelaide Josh Worrell
55%
North Melbourne Nick Larkey
55%
Western Bulldogs Ed Richards
53%
GWS Sam Taylor
53%
Richmond Tim Taranto
53%
Geelong Tom Stewart
53%
North Melbourne Tristan Xerri
53%
Melbourne Kysaiah Pickett
52%
Sydney Brodie Grundy
51%
GWS Finn Callaghan
51%
Essendon Darcy Parish
49%
St Kilda Jack Sinclair
49%
Fremantle Luke Ryan
49%
Western Bulldogs Aaron Naughton
48%
Collingwood Jordan De Goey
48%
GWS Lachie Whitfield
45%
Essendon Nate Caddy
45%
Fremantle Jordan Clark
43%
Adelaide Mark Keane
43%
St Kilda Rowan Marshall
41%
Gold Coast Sam Collins
40%
Melbourne Jack Viney
39%
Hawthorn Josh Battle
39%
Essendon Nic Martin
39%
West Coast Tim Kelly
39%
Port Adelaide Mitch Georgiades
37%
Western Bulldogs Tom Liberatore
37%
Port Adelaide Jason Horne-Francis
36%
North Melbourne Luke Parker
36%
West Coast Jack Waterman
35%
Western Bulldogs Bailey Dale
33%
St Kilda Callum Wilkie
33%
West Coast Liam Baker
33%
Collingwood Brayden Maynard
32%
Hawthorn Lloyd Meek
32%
Sydney Nick Blakey
31%
Richmond Toby Nankervis
29%
Brisbane Sam Draper
28%
Collingwood Jack Crisp
27%
Port Adelaide Ollie Wines
27%
Hawthorn Karl Amon
25%
West Coast Elliot Yeo
24%
Richmond Noah Balta
24%
St Kilda Jack Macrae
20%
Carlton Ollie Florent
20%
Melbourne Trent Rivers
20%
Richmond Nick Vlaustin
17%
North Melbourne Luke Davis-Uniacke
12%
Essendon Dyson Sharp
4%
Richmond Jacob Hooper
4%
No matching quizzes found
Score Distribution
Percent of People with Each Score
Percentile by Number Answered
Your Score History
You have not taken this quiz since the last reset